000 00283nam a2200121Ia 4500
005 20251222141949.0
008 251222s9999||||xx |||||||||||||| ||spa||
020 _a84-7239-999-0
082 _aREF.298/M84
245 0 _aDiccionario del Islam:
264 _bMonte Carmelo
942 _cLIB
999 _c9630
_d9630